[Event "Rio de Janeiro op 2nd"]
[Site "Rio de Janeiro"]
[Date "2023.05.02"]
[Round "1"]
[White "Limp, Eduardo Thelio"]
[Black "Simas, Breno Matos"]
[Result "1-0"]
[WhiteElo "2294"]
[BlackElo "1768"]
[PlyCount "61"]
[EventDate "2023.05.02"]
[EventType "swiss"]
[EventRounds "9"]
[EventCountry "BRA"]
[SourceTitle "CBM 214 Extra"]
[Source "ChessBase"]
[SourceDate "2023.07.31"]
[SourceVersion "1"]
[SourceVersionDate "2023.07.31"]
[SourceQuality "1"]

1. e4 c6 2. d4 d5 3. Nc3 dxe4 4. Nxe4 Nd7 5. Nf3 Ngf6 6. Nxf6+ Nxf6 7. c3 Bg4 8. Be2 e6 9. Ne5 Bxe2 10. Qxe2 Be7 11. 0-0 0-0 12. Rd1 Qc7 13. c4 Rad8 14. Bf4 Bd6 15. Bg5 Be7 16. Rac1 c5 17. Nf3 cxd4 18. Nxd4 Qa5 19. Be3 Rfe8 20. a3 Qa4 21. b3 Qxa3 22. Ra1 Qb4 23. Rxa7 Bc5 24. Nc2 Rxd1+ 25. Qxd1 Qxb3 26. Bxc5 Qxc4 27. Be3 Qb3 28. Ra1 h6 29. Nd4 Qd5 30. h3 Ne4 31. Qb3 1-0

[Event "Rio de Janeiro Duchamp op 4th"]
[Site "Rio de Janeiro"]
[Date "2022.12.14"]
[Round "9"]
[White "Mendes Domingues, Ribeiro Matheus"]
[Black "Limp, Eduardo Thelio"]
[Result "1-0"]
[WhiteElo "2192"]
[BlackElo "2290"]
[PlyCount "51"]
[EventDate "2022.12.07"]
[EventType "swiss"]
[EventRounds "9"]
[EventCountry "BRA"]
[SourceTitle "CBM 211 Extra"]
[Source "ChessBase"]
[SourceDate "2023.01.31"]
[SourceVersion "1"]
[SourceVersionDate "2023.01.31"]
[SourceQuality "1"]

1. c4 Nf6 2. Nc3 e6 3. e4 d5 4. e5 d4 5. exf6 dxc3 6. bxc3 Qxf6 7. Nf3 h6 8. d4 c5 9. Bd3 cxd4 10. cxd4 Bb4+ 11. Bd2 Bxd2+ 12. Qxd2 Nc6 13. Be4 0-0 14. 0-0 a5 15. Rab1 Rd8 16. Bxc6 bxc6 17. Qe3 Bd7 18. Ne5 Be8 19. Rb6 a4 20. h3 Qf5 21. a3 Rab8 22. c5 Rxb6 23. cxb6 Rb8 24. Nc4 Qb5 25. Qg3 Rd8 26. Qc7 1-0

[Event "Rio de Janeiro Duchamp op 4th"]
[Site "Rio de Janeiro"]
[Date "2022.12.07"]
[Round "1"]
[White "Nunes, Agatha Hurba"]
[Black "Limp, Eduardo Thelio"]
[Result "0-1"]
[WhiteElo "1820"]
[BlackElo "2290"]
[PlyCount "92"]
[EventDate "2022.12.07"]
[EventType "swiss"]
[EventRounds "9"]
[EventCountry "BRA"]
[SourceTitle "CBM 211 Extra"]
[Source "ChessBase"]
[SourceDate "2023.01.31"]
[SourceVersion "1"]
[SourceVersionDate "2023.01.31"]
[SourceQuality "1"]

1. d4 Nf6 2. c4 e6 3. Nc3 d5 4. cxd5 exd5 5. Bg5 Nbd7 6. e3 c6 7. Bd3 Be7 8. Nge2 Nb6 9. 0-0 Nh5 10. Bxe7 Qxe7 11. Qc2 g6 12. e4 dxe4 13. Bxe4 Nf6 14. Rad1 0-0 15. Rfe1 Nxe4 16. Nxe4 Bf5 17. N2g3 Bxe4 18. Rxe4 Qd7 19. Rde1 Rae8 20. Qd2 f5 21. Rxe8 Rxe8 22. Rxe8+ Qxe8 23. h4 Nd5 24. Kf1 f4 25. Ne2 Qe4 26. Nc3 Nxc3 27. bxc3 b5 28. Qe2 Qb1+ 29. Qe1 Qxe1+ 30. Kxe1 Kf7 31. Ke2 Ke6 32. Kf3 Kf5 33. g4+ fxg3 34. fxg3 h5 35. Ke3 g5 36. hxg5 Kxg5 37. Kf3 Kf5 38. Ke3 Kg4 39. Kf2 Kh3 40. Kf3 a6 41. Kf2 Kh2 42. a3 a5 43. Kf3 Kg1 44. Kf4 Kf2 45. g4 hxg4 46. Kxg4 Ke3 0-1

[Event "Niteroi op 2nd"]
[Site "Niteroi"]
[Date "2022.09.04"]
[Round "5"]
[White "Limp, Eduardo Thelio"]
[Black "Molina, Roberto Junio Brito"]
[Result "0-1"]
[WhiteElo "2298"]
[BlackElo "2390"]
[PlyCount "152"]
[EventDate "2022.09.01"]
[EventType "swiss"]
[EventRounds "9"]
[EventCountry "BRA"]
[SourceTitle "CBM 210 Extra"]
[Source "ChessBase"]
[SourceDate "2022.11.30"]
[SourceVersion "1"]
[SourceVersionDate "2022.11.30"]
[SourceQuality "1"]

1. e4 c6 2. d4 d5 3. Nc3 dxe4 4. Nxe4 Nd7 5. Nf3 Ngf6 6. Nxf6+ Nxf6 7. c3 Bg4 8. h3 Bh5 9. Be2 e6 10. Ne5 Bxe2 11. Qxe2 Be7 12. 0-0 0-0 13. Rd1 Nd7 14. Bf4 Nxe5 15. Bxe5 Qd7 16. Qg4 f6 17. Bf4 Bd6 18. Bxd6 Qxd6 19. Re1 Rae8 20. Re3 Re7 21. Rae1 Rfe8 22. f4 g6 23. Kh1 Kg7 24. a3 a6 25. b4 Qd5 26. a4 Kf7 27. a5 Qd6 28. Qh4 Kg7 29. Qg3 Kf7 30. Qf2 Kg7 31. Kg1 Qd5 32. Qg3 Qd6 33. Qh2 Kf7 34. g4 Qd5 35. Qg3 Kg7 36. Kh2 Kf7 37. Rf1 Kg7 38. Rf2 Qd6 39. h4 Qd5 40. g5 Qf5 41. gxf6+ Qxf6 42. Re5 Kf7 43. Qg4 Rd8 44. Kg3 Ke8 45. Qg5 Qf7 46. h5 Kd7 47. hxg6 hxg6 48. Rh2 Rg8 49. Rh6 Qe8 50. Qg4 Qf8 51. Qh3 Qf6 52. Qh4 Qf8 53. Qh3 Qf6 54. Rg5 Rf7 55. Qg4 Rfg7 56. Qe2 Qf7 57. Qh2 Rf8 58. Qh4 Rfg8 59. Kf3 Kc7 60. Qh3 Rf8 61. Qg4 Rfg8 62. Re5 g5 63. Rhxe6 Kb8 64. f5 Rh7 65. Ke3 Ka7 66. Kd3 Rh4 67. Qg1 Ka8 68. Qe3 Rd8 69. Qxg5 Rh3+ 70. Re3 Rhh8 71. Qg6 Qd7 72. R6e5 c5 73. Rxc5 Qa4 74. Qg4 Rh2 75. d5 Qc2+ 76. Kc4 Rd2 0-1

[Event "Copacabana Rio Masters"]
[Site "Copacabana"]
[Date "2022.05.10"]
[Round "1"]
[White "Silva, Kaua Marques"]
[Black "Limp, Eduardo Thelio"]
[Result "1-0"]
[WhiteElo "2126"]
[BlackElo "2322"]
[PlyCount "71"]
[EventDate "2022.05.10"]
[EventType "swiss"]
[EventRounds "6"]
[EventCountry "BRA"]
[SourceTitle "CBM 208 Extra"]
[Source "ChessBase"]
[SourceDate "2022.07.31"]
[SourceVersion "1"]
[SourceVersionDate "2022.07.31"]
[SourceQuality "1"]

1. e4 e5 2. Nf3 Nc6 3. Bc4 Bc5 4. c3 Nf6 5. d4 exd4 6. e5 d5 7. Bb5 Ne4 8. cxd4 Bb4+ 9. Nbd2 0-0 10. 0-0 Bxd2 11. Bxd2 Bg4 12. Be3 f5 13. Bxc6 bxc6 14. Qc1 f4 15. Bxf4 Rb8 16. b3 Rb6 17. Qe3 Qe8 18. Ne1 Be2 19. Qxe2 Rxf4 20. Qe3 Rf5 21. g4 Rf8 22. f3 Nd6 23. Nd3 Qe7 24. Rae1 Nf7 25. Nc5 Ng5 26. e6 Nh3+ 27. Kh1 g5 28. Nd7 Nf4 29. Nxf8 Kxf8 30. Qe5 Kg8 31. Qf5 Rb8 32. Re5 h6 33. Qc2 Rb6 34. Rfe1 Kg7 35. Rf5 Nxe6 36. Rfe5 1-0

[Event "Rio de Janeiro State-ch"]
[Site "Rio de Janeiro"]
[Date "2022.05.01"]
[Round "6"]
[White "Limp, Eduardo Thelio"]
[Black "Yunes, David Teles"]
[Result "1/2-1/2"]
[WhiteElo "2322"]
[BlackElo "1955"]
[PlyCount "52"]
[EventDate "2022.04.29"]
[EventType "swiss"]
[EventRounds "6"]
[EventCountry "BRA"]
[SourceTitle "EXT 2023"]
[Source "ChessBase"]
[SourceDate "2022.10.05"]
[SourceVersion "1"]
[SourceVersionDate "2022.10.05"]
[SourceQuality "1"]

1. d4 Nf6 2. Nf3 g6 3. c3 Bg7 4. Qc2 d5 5. Bg5 0-0 6. Nbd2 c6 7. e3 Nbd7 8. 0-0-0 a5 9. Bd3 c5 10. e4 cxd4 11. Nxd4 e5 12. Nb5 Nc5 13. Be2 Be6 14. c4 d4 15. Bd3 Qb6 16. Bxf6 Bxf6 17. a4 Rac8 18. b3 Bd7 19. Kb2 Bxb5 20. axb5 Qd6 21. Ra1 b6 22. Ra2 Ra8 23. Rha1 Ra7 24. h3 Rfa8 25. Nf1 Qe7 26. Be2 Bg7 1/2-1/2

[Event "Rio de Janeiro State-ch"]
[Site "Rio de Janeiro"]
[Date "2022.04.30"]
[Round "3"]
[White "Almeida, Israel Marcos Marin"]
[Black "Limp, Eduardo Thelio"]
[Result "0-1"]
[WhiteElo "1720"]
[BlackElo "2322"]
[PlyCount "46"]
[EventDate "2022.04.29"]
[EventType "swiss"]
[EventRounds "6"]
[EventCountry "BRA"]
[SourceTitle "EXT 2023"]
[Source "ChessBase"]
[SourceDate "2022.10.05"]
[SourceVersion "1"]
[SourceVersionDate "2022.10.05"]
[SourceQuality "1"]

1. d4 b6 2. e3 Bb7 3. Nf3 Nf6 4. Be2 e6 5. b3 Bb4+ 6. c3 Be7 7. Bb2 0-0 8. 0-0 c5 9. Nbd2 d5 10. c4 Nc6 11. Rc1 Rc8 12. a3 cxd4 13. Nxd4 Nxd4 14. exd4 Bd6 15. cxd5 Bxd5 16. Bf3 Qe7 17. Bxd5 Nxd5 18. Nc4 b5 19. Nxd6 Qxd6 20. b4 Rc4 21. Rxc4 bxc4 22. Qf3 Rc8 23. Bc3 Qa6 0-1

[Event "BRA-ch 87th"]
[Site "Cuiaba"]
[Date "2021.11.02"]
[Round "8"]
[White "Soares, Joao Carlos TC"]
[Black "Limp, Eduardo Thelio"]
[Result "1/2-1/2"]
[WhiteElo "2056"]
[BlackElo "2364"]
[PlyCount "53"]
[EventDate "2021.10.28"]
[EventType "swiss"]
[EventRounds "11"]
[EventCountry "BRA"]
[SourceTitle "CBM 205 Extra"]
[Source "ChessBase"]
[SourceDate "2022.01.31"]
[SourceVersion "1"]
[SourceVersionDate "2022.01.31"]
[SourceQuality "1"]

1. d4 d5 2. c4 e6 3. Nc3 Bb4 4. cxd5 exd5 5. Qc2 Ne7 6. a3 Bd6 7. Bg5 f6 8. Bh4 Nbc6 9. e3 Bf5 10. Bd3 Bxd3 11. Qxd3 Qd7 12. Nge2 a6 13. b4 0-0 14. 0-0 Na7 15. Bg3 Bxg3 16. Nxg3 Nb5 17. a4 Nxc3 18. Qxc3 c6 19. Ne2 Nf5 20. Nf4 Nd6 21. Nd3 Rae8 22. Nc5 Qf7 23. Rfe1 Re7 24. Ra2 Rfe8 25. Rae2 f5 26. Nd3 Nc4 27. Nc5 1/2-1/2

[Event "BRA-ch 87th"]
[Site "Cuiaba"]
[Date "2021.10.31"]
[Round "6"]
[White "Silva, Kaua Marques"]
[Black "Limp, Eduardo Thelio"]
[Result "1-0"]
[WhiteElo "2086"]
[BlackElo "2364"]
[PlyCount "43"]
[EventDate "2021.10.28"]
[EventType "swiss"]
[EventRounds "11"]
[EventCountry "BRA"]
[SourceTitle "CBM 205 Extra"]
[Source "ChessBase"]
[SourceDate "2022.01.31"]
[SourceVersion "1"]
[SourceVersionDate "2022.01.31"]
[SourceQuality "1"]

1. e4 c5 2. Nf3 Nc6 3. d4 cxd4 4. Nxd4 Nf6 5. Nc3 e6 6. Nxc6 bxc6 7. e5 Nd5 8. Ne4 f5 9. exf6 Nxf6 10. Nd6+ Bxd6 11. Qxd6 Ba6 12. Bxa6 Qa5+ 13. b4 Qxa6 14. Bb2 Rf8 15. 0-0-0 Rf7 16. Rhe1 Qxa2 17. f4 Re7 18. f5 Kf7 19. g4 h6 20. h4 Nxg4 21. fxe6+ dxe6 22. Rg1 1-0

[Event "BRA-ch 87th"]
[Site "Cuiaba"]
[Date "2021.10.29"]
[Round "3"]
[White "Limp, Eduardo Thelio"]
[Black "Luz, Arthur Nader"]
[Result "0-1"]
[WhiteElo "2364"]
[BlackElo "2149"]
[PlyCount "136"]
[EventDate "2021.10.28"]
[EventType "swiss"]
[EventRounds "11"]
[EventCountry "BRA"]
[SourceTitle "CBM 205 Extra"]
[Source "ChessBase"]
[SourceDate "2022.01.31"]
[SourceVersion "1"]
[SourceVersionDate "2022.01.31"]
[SourceQuality "1"]

1. e4 c5 2. Nf3 d6 3. d4 cxd4 4. Nxd4 Nf6 5. Nc3 g6 6. Bg5 Bg7 7. Qd2 Nc6 8. Nb3 h6 9. Bh4 0-0 10. Be2 a5 11. a4 Be6 12. f3 Rc8 13. Bf2 Nb4 14. Nd4 Nd7 15. Ncb5 Nc5 16. c3 Nc6 17. Nxe6 Nxe6 18. 0-0 g5 19. g3 Ne5 20. f4 gxf4 21. gxf4 Nc4 22. Qc1 f5 23. b3 Nb6 24. Qe3 Nc5 25. exf5 Kh8 26. Rad1 Rxf5 27. c4 Nbd7 28. Kh1 Qf8 29. Bh4 Bf6 30. Bg3 Bg7 31. Bg4 Rf7 32. Bh5 Rf6 33. Bg4 e5 34. f5 Rc6 35. Bh4 Rf7 36. Qh3 Nf6 37. Be2 Rd7 38. Rg1 d5 39. cxd5 Nxd5 40. Bg5 Ne4 41. Rdf1 Nxg5 42. Rxg5 Nf4 43. Rxf4 exf4 44. f6 Qxf6 45. Qxd7 hxg5 46. Bc4 f3 47. Kg1 Qa1+ 48. Kf2 Qb2+ 49. Kxf3 Rf6+ 50. Ke4 Rf4+ 51. Kd3 Qb1+ 52. Ke2 Qf1+ 53. Ke3 Qg1+ 54. Kd2 Qxh2+ 55. Be2 g4 56. Qe8+ Rf8 57. Qe4 Rd8+ 58. Kc1 Qg1+ 59. Kc2 Rc8+ 60. Bc4 Qf2+ 61. Kc1 Qb2+ 62. Kd1 Rd8+ 63. Ke1 Qc1+ 64. Kf2 Rf8+ 65. Kg3 Qg1+ 66. Kh4 Bf6+ 67. Kh5 Qh2+ 68. Kxg4 Qh4+ 0-1

[Event "BRA-ch 87th"]
[Site "Cuiaba"]
[Date "2021.10.28"]
[Round "1"]
[White "Limp, Eduardo Thelio"]
[Black "Da Rosa, Henrique Jaze Simoe"]
[Result "1-0"]
[WhiteElo "2364"]
[BlackElo "1788"]
[PlyCount "73"]
[EventDate "2021.10.28"]
[EventType "swiss"]
[EventRounds "11"]
[EventCountry "BRA"]
[SourceTitle "CBM 205 Extra"]
[Source "ChessBase"]
[SourceDate "2022.01.31"]
[SourceVersion "1"]
[SourceVersionDate "2022.01.31"]
[SourceQuality "1"]

1. d4 d5 2. Nf3 Nf6 3. c4 c6 4. Nc3 dxc4 5. a4 Bf5 6. e3 e6 7. Bxc4 Bb4 8. 0-0 0-0 9. Qe2 Nbd7 10. e4 Bg6 11. e5 Nd5 12. Nxd5 cxd5 13. Bd3 Bh5 14. Qe3 Be7 15. a5 a6 16. Bd2 Nb8 17. Bc3 Nc6 18. Ne1 f5 19. exf6 Rxf6 20. f4 Bd6 21. g3 Bg4 22. Nf3 Ne7 23. Ne5 Bh3 24. Rf2 h5 25. Bf1 Bf5 26. Bg2 Rh6 27. Qe2 Qe8 28. Re1 Bxe5 29. fxe5 Qg6 30. Bd2 Rh8 31. Rf4 Rc8 32. Bc3 Qg5 33. Qf2 Ng6 34. h4 Qe7 35. Rxf5 exf5 36. Bxd5+ Kh7 37. Qxf5 1-0

[Event "Bom Jesus do Itabapoana op 1st"]
[Site "Bom Jesus do Itabapoana"]
[Date "2021.08.27"]
[Round "2"]
[White "De Freitas, Isabella Ribeiro Co"]
[Black "Limp, Eduardo Thelio"]
[Result "0-1"]
[WhiteElo "1862"]
[BlackElo "2366"]
[PlyCount "62"]
[EventDate "2021.08.26"]
[EventType "swiss"]
[EventRounds "6"]
[EventCountry "BRA"]
[SourceTitle "CBM 204 Extra"]
[Source "ChessBase"]
[SourceDate "2021.11.30"]
[SourceVersion "1"]
[SourceVersionDate "2021.11.30"]
[SourceQuality "1"]

1. c4 e5 2. Nc3 Nc6 3. g3 g6 4. Bg2 Bg7 5. Nf3 d6 6. 0-0 f5 7. d3 Nf6 8. Rb1 0-0 9. b4 h6 10. a4 g5 11. Ba3 f4 12. b5 Ne7 13. c5 fxg3 14. Qb3+ Kh8 15. hxg3 Nf5 16. cxd6 cxd6 17. Qb4 Qe8 18. Ne4 Ng4 19. e3 Qh5 20. Rfe1 Be6 21. Re2 Rad8 22. Ned2 Rf7 23. Bb2 d5 24. Qa5 b6 25. Qb4 Rc8 26. e4 Nd4 27. Bxd4 exd4 28. Qd6 Rf6 29. Qb4 Rcf8 30. Rc1 dxe4 31. Rxe4 Rxf3 0-1

[Event "Rio de Janeiro Duchamp op 3rd"]
[Site "Rio de Janeiro"]
[Date "2019.12.08"]
[Round "2"]
[White "Limp, Eduardo Thelio"]
[Black "Sobrero, Sebastian"]
[Result "1-0"]
[WhiteElo "2356"]
[BlackElo "2059"]
[PlyCount "77"]
[EventDate "2019.12.07"]
[EventType "swiss"]
[EventRounds "9"]
[EventCountry "BRA"]
[SourceTitle "CBM 193 Extra"]
[Source "ChessBase"]
[SourceDate "2020.01.31"]
[SourceVersion "1"]
[SourceVersionDate "2020.01.31"]
[SourceQuality "1"]

1. d4 g6 2. e4 Bg7 3. Nf3 d6 4. c3 Nf6 5. Nbd2 0-0 6. Be2 c5 7. dxc5 dxc5 8. 0-0 Nc6 9. Qc2 Qc7 10. a4 Nh5 11. g3 Bg4 12. Nc4 Rad8 13. Ne3 Bh3 14. Re1 h6 15. Nd5 Qc8 16. Nd2 Bg4 17. Nc4 Bxe2 18. Qxe2 Qh3 19. Be3 e6 20. Nf4 Nxf4 21. Bxf4 e5 22. Be3 b6 23. a5 Rb8 24. axb6 axb6 25. Ra6 f5 26. Rxb6 Rxb6 27. Nxb6 f4 28. Bxc5 Rf7 29. Nd5 Nd8 30. Qf1 Qh5 31. Be7 Ne6 32. Qg2 f3 33. g4 fxg2 34. gxh5 gxh5 35. Kxg2 Nf4+ 36. Nxf4 exf4 37. Bd6 Rb7 38. Re2 Rf7 39. Kf3 1-0

[Event "Niteroi op 1st"]
[Site "Niteroi"]
[Date "2019.09.08"]
[Round "7"]
[White "Limp, Eduardo Thelio"]
[Black "Torella, Rodolfo"]
[Result "1/2-1/2"]
[WhiteElo "2373"]
[BlackElo "2058"]
[PlyCount "119"]
[EventDate "2019.09.04"]
[EventType "swiss"]
[EventRounds "7"]
[EventCountry "BRA"]
[SourceTitle "EXT 2020"]
[Source "ChessBase"]
[SourceDate "2019.10.17"]
[SourceVersion "1"]
[SourceVersionDate "2019.10.17"]
[SourceQuality "1"]

1. e4 c5 2. Nf3 Nc6 3. Bb5 d6 4. 0-0 Bd7 5. c3 Nf6 6. Re1 a6 7. Ba4 b5 8. Bc2 Bg4 9. h3 Bxf3 10. Qxf3 g6 11. d3 Bg7 12. a3 0-0 13. Be3 Nd7 14. Qd1 Qb6 15. Nd2 Rfd8 16. f4 e6 17. Nf3 d5 18. exd5 exd5 19. d4 cxd4 20. Bxd4 Nxd4 21. cxd4 Nb8 22. Qd2 Nc6 23. Rad1 Re8 24. Rxe8+ Rxe8 25. Kh1 Na5 26. b3 Bf8 27. f5 Nc6 28. fxg6 hxg6 29. Qf4 Na5 30. Ne5 Qc7 31. Bd3 Bd6 32. Re1 Nc6 33. Qg4 Nxe5 34. dxe5 Rxe5 35. Rf1 Kg7 36. b4 Qe7 37. Qd4 Kh7 38. Kg1 Bb8 39. Kh1 Qe6 40. Qh4+ Kg7 41. Qd4 Bc7 42. Re1 Kf8 43. Rxe5 Bxe5 44. Qe3 Kg7 45. Be2 Bb2 46. Qd2 Qe5 47. Bf3 Bxa3 48. Qxd5 Qa1+ 49. Qd1 Qxd1+ 50. Bxd1 Bxb4 51. Kg1 Kf6 52. Kf2 Bc5+ 53. Ke2 Ke5 54. Kd3 a5 55. Bb3 f6 56. Bf7 g5 57. Be8 b4 58. Kc4 Be7 59. Kb3 Kf4 60. Bc6 1/2-1/2

[Event "Rio de Janeiro Fexerj op"]
[Site "Rio de Janeiro"]
[Date "2019.06.08"]
[Round "5"]
[White "Limp, Eduardo Thelio"]
[Black "Salles, Marvio Darilho"]
[Result "1-0"]
[WhiteElo "2377"]
[BlackElo "2061"]
[PlyCount "107"]
[EventDate "2019.06.01"]
[EventType "swiss"]
[EventRounds "6"]
[EventCountry "BRA"]
[SourceTitle "CBM 190 Extra"]
[Source "ChessBase"]
[SourceDate "2019.07.15"]
[SourceVersion "1"]
[SourceVersionDate "2019.07.15"]
[SourceQuality "1"]

1. e4 c6 2. d4 d5 3. e5 Bf5 4. Nf3 e6 5. Be2 c5 6. 0-0 Nc6 7. c4 dxc4 8. Be3 Nge7 9. Qa4 Qa5 10. Qxa5 Nxa5 11. dxc5 Nd5 12. Bd2 Nc6 13. Bxc4 Bxc5 14. Rc1 Bb6 15. Bb5 Rc8 16. Na3 0-0 17. Bxc6 Rxc6 18. Rxc6 bxc6 19. Rc1 c5 20. Nc4 Rd8 21. a4 Be4 22. Nd6 Bxf3 23. gxf3 f6 24. f4 Bc7 25. Rxc5 Bxd6 26. exd6 Rxd6 27. b4 a6 28. b5 axb5 29. Rxb5 Kf7 30. a5 Kg6 31. Rb7 h5 32. Kg2 Kf5 33. Rxg7 Nxf4+ 34. Bxf4 Kxf4 35. Rg3 e5 36. Rf3+ Kg5 37. Ra3 Ra6 38. Ra4 Kf5 39. f3 Ke6 40. Kg3 Kf5 41. Kf2 Ke6 42. f4 exf4 43. Kf3 Ke5 44. h4 f5 45. Ra1 Ke6 46. Kxf4 Kf6 47. Ra2 Ke6 48. Kg5 Ke5 49. Rf2 f4 50. Rxf4 Ra8 51. Rf6 Rg8+ 52. Rg6 Rh8 53. a6 Rh7 54. Rb6 1-0

[Event "Rio de Janeiro Fexerj op"]
[Site "Rio de Janeiro"]
[Date "2019.06.02"]
[Round "3"]
[White "Limp, Eduardo Thelio"]
[Black "Campos, Alexandre Ferreira"]
[Result "1-0"]
[WhiteElo "2377"]
[BlackElo "2077"]
[PlyCount "73"]
[EventDate "2019.06.01"]
[EventType "swiss"]
[EventRounds "6"]
[EventCountry "BRA"]
[SourceTitle "CBM 190 Extra"]
[Source "ChessBase"]
[SourceDate "2019.07.15"]
[SourceVersion "1"]
[SourceVersionDate "2019.07.15"]
[SourceQuality "1"]

1. e4 d6 2. d4 Nf6 3. Nc3 g6 4. Nf3 Bg7 5. Be2 c6 6. a4 0-0 7. 0-0 Qc7 8. a5 Na6 9. h3 e5 10. Be3 h6 11. dxe5 dxe5 12. Nd2 b5 13. axb6 axb6 14. Nc4 b5 15. Nb6 Rb8 16. Nxc8 Qxc8 17. Qc1 Kh7 18. Rd1 Ra8 19. Qd2 Nc7 20. Bc5 Re8 21. Rxa8 Qxa8 22. Qe1 Ne6 23. Ra1 Qb8 24. Be3 Nd4 25. Bd3 Nd7 26. Ne2 Nc5 27. Qd2 Nxd3 28. Qxd3 c5 29. Nc3 c4 30. Qd1 f5 31. f3 b4 32. Nd5 b3 33. cxb3 fxe4 34. fxe4 cxb3 35. Qg4 Nc2 36. Ra7 Rf8 37. Qd7 1-0

[Event "Joao Pessoa Fischer Memorial 10th"]
[Site "Joao Pessoa"]
[Date "2019.03.31"]
[Round "6"]
[White "Pereira, Silvio Cunha"]
[Black "Limp, Eduardo Thelio"]
[Result "0-1"]
[WhiteElo "2241"]
[BlackElo "2372"]
[PlyCount "68"]
[EventDate "2019.03.29"]
[EventType "swiss"]
[EventRounds "6"]
[EventCountry "BRA"]
[SourceTitle "CBM 190 Extra"]
[Source "ChessBase"]
[SourceDate "2019.07.15"]
[SourceVersion "1"]
[SourceVersionDate "2019.07.15"]
[SourceQuality "1"]

1. e4 c5 2. Nf3 Nc6 3. d4 cxd4 4. Nxd4 e6 5. Be3 Nf6 6. Nc3 Bb4 7. Nxc6 bxc6 8. Bd2 d5 9. Bd3 e5 10. Qe2 0-0 11. 0-0 Re8 12. h3 Rb8 13. Rad1 d4 14. Na4 Bxd2 15. Qxd2 Nh5 16. Be2 Nf4 17. Bg4 Bxg4 18. hxg4 Qh4 19. Rfe1 Qxg4 20. f3 Qg3 21. Kf1 Re6 22. Qf2 Qh2 23. Rd2 Rg6 24. Qg1 Qg3 25. b3 Rh6 26. Nc5 Rh2 27. Nd3 Nh3 28. gxh3 Qxg1+ 29. Kxg1 Rxd2 30. Rc1 Re8 31. Kf1 Re6 32. Nf2 Rf6 33. Kg2 Rg6+ 34. Kf1 Rg3 0-1